Normal view
MARC view
- Tate, George Passman,
Entry Personal Name
001 - CONTROL NUMBER
- control field: 3940
003 - CONTROL NUMBER IDENTIFIER
- control field: NUST
005 - DATE AND TIME OF LATEST TRANSACTION
- control field: 20170817110439.0
008 - FIXED-LENGTH DATA ELEMENTS
- fixed length control field: 170817|| aca||aabn | a|a d
040 ## - CATALOGING SOURCE
- Original cataloging agency: NUST
- Transcribing agency: NUST
100 ## - HEADING--PERSONAL NAME
- Personal name: Tate, George Passman,
- Dates associated with a name: 1856-
670 ## - SOURCE DATA FOUND
- Source citation: Work cat.: (NUST)0: Tate, George Passman, 1856-, The frontiers of Baluchistan :, 2003.
